| 000 | 00538nam a22002177a 4500 | ||
|---|---|---|---|
| 999 |
_c6777 _d6777 |
||
| 001 | 6777 | ||
| 003 | BD-JhCC | ||
| 005 | 20180130100154.0 | ||
| 008 | 180130b xxu||||| |||| 00| 0 eng d | ||
| 035 | _a(BD-JhCC)6777 | ||
| 040 |
_aBD-JhCC _dBD-JhCC |
||
| 041 | _aeng | ||
| 082 |
_a823.914 _bWAT 1961 |
||
| 100 | _aWatson, R. Forbes | ||
| 245 |
_aAmbari / _cR. Forbes Watson |
||
| 260 |
_aLondon : _bOxford University Press, _c1961. |
||
| 300 |
_a139 p. : _bills; _c20 cm. |
||
| 650 | _aFriendship | ||
| 942 |
_2ddc _cBK |
||